Practical Handbook of Herbal Drug Technology (Record no. 12701)

MARC details
000 -LEADER
fixed length control field 00506nam a22001937a 4500
003 - CONTROL NUMBER IDENTIFIER
control field OSt
008 - FIXED-LENGTH DATA ELEMENTS--GENERAL INFORMATION
fixed length control field 240520b |||||||| |||| 00| 0 eng d
020 ## - INTERNATIONAL STANDARD BOOK NUMBER
International Standard Book Number 9789395810708
082 ## - DEWEY DECIMAL CLASSIFICATION NUMBER
Classification number 615.32 KAP
100 ## - MAIN ENTRY--PERSONAL NAME
Personal name KAMBLE, Ashwarya.M
245 ## - TITLE STATEMENT
Title Practical Handbook of Herbal Drug Technology
260 ## - PUBLICATION, DISTRIBUTION, ETC. (IMPRINT)
Place of publication, distribution, etc Jalgaon
Name of publisher, distributor, etc Pritam Pub.
Date of publication, distribution, etc 2024
300 ## - PHYSICAL DESCRIPTION
Extent 51
650 ## - SUBJECT ADDED ENTRY--TOPICAL TERM
Topical term or geographic name as entry element HARBAL DRUG TECHNOLOGY
700 ## - ADDED ENTRY--PERSONAL NAME
Personal name Kulkarni, Abhijeet.S
700 ## - ADDED ENTRY--PERSONAL NAME
Personal name Kamble, Rahul.D
700 ## - ADDED ENTRY--PERSONAL NAME
Personal name Rukadiker, Rubin.S
942 ## - ADDED ENTRY ELEMENTS (KOHA)
Source of classification or shelving scheme Dewey Decimal Classification
Koha item type Text Books
Holdings
Withdrawn status Lost status Source of classification or shelving scheme Damaged status Not for loan Collection code Home library Current library Date acquired Source of acquisition Currency Cost, normal purchase price Bill Number Total Checkouts Full call number Acc. no. / Barcode Date last seen Actual Cost, discounted price Bill Date Koha item type Date last borrowed
    Dewey Decimal Classification     B.Pharma PIET C-LIBRARY PIET C-LIBRARY 10/05/2024 ZAFAA BOOKS RUPEES 120.00 ZBDOO21   615.32 KAP BP2567 20/05/2024 88.00 06/05/2024 Reference Books  
    Dewey Decimal Classification     B.Pharma PIET C-LIBRARY PIET C-LIBRARY 10/05/2024 ZAFAA BOOKS RUPEES 120.00 ZBDOO21 2 615.32 KAP BP2568 19/04/2025 88.00 06/05/2024 Text Books 04/04/2025

Design & Developed by: PIET Central Library
R70 Miles Stone Pattikalyana Samalkha Panipat 132102
mail ID :- [email protected], Phone No:- 0180-2569700 Ex.216